دراسات في الادب العربي على مر العصور مع بحث خاص بالادب العربي السعودي

Bibliographic Details
Main Author: ساسي, عمر الطيب (Author)
Format: Book
Published: Jiddah Dar al-Syuruq 1991
Subjects:

MARC

LEADER 00000cam a2200000 7i4500
001 0000000250
008 021118s1991
090 0 0 |a PJ7510  |b .S2 1991 
100 0 |a ساسي, عمر الطيب  |e author 
241 0 0 |a Dirasat fi al-adab al-Arabi ala marr al-usur maa bahth khass bi-al-adab al-Arabi al-Saudi 
245 1 0 |a دراسات في الادب العربي على مر العصور مع بحث خاص بالادب العربي السعودي  |c عمر الطيب الساسي 
260 2 |a Jiddah  |b Dar al-Syuruq  |c 1991 
300 |a 158 p.  |c 24 cm 
650 0 |a Arabic literature  |x History and criticism 
650 0 |a Arabic literature  |z Saudi Arabia  |x History and criticism 
999 |a 1000074025  |b Book  |c OPEN SHELF (30 DAYS)  |e Gong Badak Campus